10 khái niệm lớn của xã hội học
10 Khái niệm lớn được trình bày đó là: Tổ chức xã hội; Nền văn minh; Xa hội học và nhận thức; Loại hình học; Tính chất cổ sơ; Thuyết tiến hóa; Vai trò và địa vị; Phân tầng; Giai cấp trong xã hội; Tính cơ động xã hội ( theo chiều dọc )...
Αποθηκεύτηκε σε:
| Κύριος συγγραφέας: | |
|---|---|
| Μορφή: | Βιβλίο |
| Γλώσσα: | Undetermined |
| Έκδοση: |
Hà Nội
Thanh Niên
2000
|
| Θέματα: | |
| Ετικέτες: |
Προσθήκη ετικέτας
Δεν υπάρχουν, Καταχωρήστε ετικέτα πρώτοι!
|
| Thư viện lưu trữ: | Trung tâm Học liệu Trường Đại học Cần Thơ |
|---|
| LEADER | 00934nam a2200193Ia 4500 | ||
|---|---|---|---|
| 001 | CTU_37392 | ||
| 008 | 210402s9999 xx 000 0 und d | ||
| 020 | |c 27000 | ||
| 082 | |a 301 | ||
| 082 | |b C386 | ||
| 100 | |a Cazeneuve, Jean | ||
| 245 | 0 | |a 10 khái niệm lớn của xã hội học | |
| 245 | 0 | |c Jean Cazeneuve ; Dịch giả Sông Hương ; Thanh Lê giới thiệu | |
| 260 | |a Hà Nội | ||
| 260 | |b Thanh Niên | ||
| 260 | |c 2000 | ||
| 520 | |a 10 Khái niệm lớn được trình bày đó là: Tổ chức xã hội; Nền văn minh; Xa hội học và nhận thức; Loại hình học; Tính chất cổ sơ; Thuyết tiến hóa; Vai trò và địa vị; Phân tầng; Giai cấp trong xã hội; Tính cơ động xã hội ( theo chiều dọc ) | ||
| 650 | |a Sociology | ||
| 980 | |a Trung tâm Học liệu Trường Đại học Cần Thơ | ||